Central Library OPAC University of Rajshahi

The world of homosexuals / (Record no. 34918)

MARC details
000 -LEADER
fixed length control field 00694nam a2200253 i 4500
001 - CONTROL NUMBER
control field 34918
003 - CONTROL NUMBER IDENTIFIER
rucl marc code BD-RjUL
005 - DATE AND TIME OF LATEST TRANSACTION
control field 20211209052230.0
008 - FIXED-LENGTH DATA ELEMENTS--GENERAL INFORMATION
fixed length control field 140520s1977 ii b 000 0 eng
020 ## - INTERNATIONAL STANDARD BOOK NUMBER
International Standard Book Number 0706904788
035 ## - SYSTEM CONTROL NUMBER
System control number (BD-RjUL)35012
040 ## - CATALOGING SOURCE
Original cataloging agency DLC
Transcribing agency DLC
Modifying agency DLC
-- BD-RjUL
Language of cataloging eng
041 ## - LANGUAGE CODE
Language code of text/sound track or separate title eng
082 00 - DEWEY DECIMAL CLASSIFICATION NUMBER
Classification number 306.766
Author mark and year DEW 1977
100 0# - MAIN ENTRY--PERSONAL NAME
Personal name Shakuntala Devi,
Dates associated with a name 1939-
9 (RLIN) 106297
245 14 - TITLE STATEMENT
Title The world of homosexuals /
Statement of responsibility, etc. Shakuntala Devi.
260 ## - PUBLICATION, DISTRIBUTION, ETC. (IMPRINT)
Place of publication, distribution, etc. New Delhi :
Name of publisher, distributor, etc. Vikas Pub. House,
Date of publication, distribution, etc. c1977.
300 ## - PHYSICAL DESCRIPTION
Pagination vi, 160 p. ;
Size 22 cm.
504 ## - BIBLIOGRAPHY, ETC. NOTE
Bibliography, etc Bibliography: p. [157]-160.
650 #0 - SUBJECT ADDED ENTRY--TOPICAL TERM
Topical term or geographic name as entry element Homosexuality.
9 (RLIN) 90442
942 ## - ADDED ENTRY ELEMENTS (KOHA)
Source of classification or shelving scheme Dewey Decimal Classification
Koha item type Books
Holdings
Lost status Source of classification or shelving scheme Damaged status Not for loan Collection code Permanent Location Current Location Shelving location Date acquired Source of acquisition Cost, normal purchase price Total Checkouts Full call number Date last seen Copy number Koha item type
  Dewey Decimal Classification   Not For Loan Non-fiction Central Library, University of Rajshahi Central Library, University of Rajshahi   13/01/1979 India Int. Calcata 35.00   306.766 DEW 1977 20/05/2014 C-1 Books